000
00295nam a22001337a 4500
008
170418b xxu||||| |||| 00| 0 eng d
020
_a
9780632045686
041
_a
eng
080
_a
579
100
_a
11
101
_a
SHM
245
_a
BRAINCHIO FOR MICROBIOLOGY
_c
LEE.S
942
_2
udc
_c
BK
999
_c
10961
_d
10961